Statistics for Vlajky autonomních území

Click here to take the quiz!

General Stats

  • This quiz has been taken 35 times
    (30 since last reset)
  • The average score is 20 of 68

Answer Stats

Answer% Correct
Wales
87%
Grónsko
83%
Hongkong
83%
Man
78%
Skotsko
78%
Portoriko
70%
Faerské ostrovy
65%
Gibraltar
65%
Palestinská autonomie
61%
Severní Irsko
57%
Macao
52%
Guam
48%
Ålandy
43%
Americká Samoa
43%
Guernsey
43%
Severní Kypr
43%
Jersey
39%
Kokosové ostrovy
39%
Tálibán
39%
Abcházie
35%
Cookovy ostrovy
35%
Francouzská Polynésie
35%
Republika Arcach
35%
Aruba
30%
Bermudy
30%
Islámský stát
30%
Niue
30%
Podněstří
30%
Americké Panenské ostrovy
26%
Falklandy
26%
Irácký Kurdistán
26%
Norfolk
26%
Nová Kaledonie
26%
Sicílie
26%
Západní Sahara
26%
Britské Panenské ostrovy
22%
Curaçao
22%
Saint Pierre a Miquelon
22%
Sardinie
22%
Somaliland
22%
Svatý Martin (nizozemská část)
22%
Vánoční ostrov
22%
Francouzská Guyana
17%
Jižní Osetie
17%
Severní Mariany
17%
Svatá Helena
17%
Tokelau
17%
Turks a Caicos
17%
Anguilla
13%
Ázád Kašmír
13%
Britské indickooceánské území
13%
Kajmanské ostrovy
13%
Pitcairnovy ostrovy
13%
Wallis a Futuna
13%
Azory
9%
Madeira
9%
Montserrat
9%
Ascension
4%
Autonomní provincie Bolzano
4%
Britské antarktické území
4%
Francouzská jižní a antarktická území
4%
Gagauzsko
4%
Jižní Georgie a Jižní Sandwichovy ostrovy
4%
Svatý Bartoloměj
4%
Syrská opozice
4%
Adžárie
0%
Rojava
0%
Tristan da Cunha
0%

Score Distribution

Percentile by Number Answered

Percent of People with Each Score

Your Score History

You have not taken this quiz since the last reset